| 000 | 00474nam a22001817a 4500 | ||
|---|---|---|---|
| 003 | CEME | ||
| 005 | 20210628201946.0 | ||
| 008 | 210208b xxu||||| |||| 00| 0 eng d | ||
| 020 | _a81-203-0953-7 | ||
| 040 | _c. | ||
| 082 | _a681.2 MUR | ||
| 100 |
_aMurty, D.V.S _957609 |
||
| 245 | _aTransducers and instrumentation | ||
| 260 |
_aNEW DLEHI _bPRENTICE HALL OF INDIA _c2004 |
||
| 300 | _aXIV,557P | ||
| 650 |
_aTRANSDUCERS AND INSTRUMENTATION _957610 |
||
| 942 |
_cBK _2ddc |
||
| 999 |
_c567878 _d567878 |
||